| 000 | 00969nam a2200313Ia 4500 | ||
|---|---|---|---|
| 003 | OSt | ||
| 005 | 20221007123114.0 | ||
| 006 | a|||||r|||| 00| 0 | ||
| 007 | ta | ||
| 008 | 221006b |||||||| |||| 00| 0 eng d | ||
| 020 | _a9783319411255 (HBK) | ||
| 024 | _a200467 | ||
| 037 |
_b940, 12/02/2019, Satyam Books Pvt. Ltd. _cTextual |
||
| 040 |
_aPAPL _cPAPL _beng |
||
| 041 |
_2eng _aeng |
||
| 082 | _aCN10aB9:8, Q7 Carpa | ||
| 100 |
_aCalcagni Gianluca _9716481 |
||
| 245 | 0 | _aClassical and quantum cosmology | |
| 260 |
_aSwitzerland _bSpringer _c2017 |
||
| 300 |
_axv,843p. ill. _ccm. |
||
| 490 | _aGraduate texts in physics | ||
| 500 | _aIndex 829-843p. | ||
| 650 |
_a Hot big bang model _9716482 |
||
| 650 | _a Inflation | ||
| 650 |
_a Quantum gravity _9714001 |
||
| 650 | _aPhysics | ||
| 942 |
_hCN10aB9:8, Q7 Carpa _cTEXL _2CC |
||
| 999 |
_c1211386 _d1211386 |
||